A guide to cultivation of edible mushrooms in Singapore

Bibliographic Details
Main Author: YONG
Other Authors: Leong
Format: Book
Published: Singapore : Primary Production Dept., Ministry of National Development , 1983
Series:Agriculture handbook ; no. 6
Subjects:

MARC

LEADER 00000cam a2200000 7i4500
001 0000002646
005 20030910.0
090 0 0 |a 635.8095957   |b YON 1983 
100 1 0 |a YONG   |h T. A. 
245 1 2 |a A guide to cultivation of edible mushrooms in Singapore   |c by T.A. Yong and P.C. Leong 
260 0 0 |a Singapore :   |b Primary Production Dept., Ministry of National Development ,   |c 1983 
300 |a 39 p., 4 col. plates :   |b ill. ;   |c 25 cm. 
440 0 0 |a Agriculture handbook ; no. 6 
500 0 0 |a Bibliography : p. 37-38 
650 0 0 |a Mushrooms, Edible   |z Singapore 
700 0 1 |a Leong   |h P. C. 
998 |a JPSM 
999 |a 0000004022   |b Monograph   |c Open Shelf   |e Default branch